| LEADER 00000nam 2200000uu 4500 |
| 008 140623s2556||||th 000 0 tha d |
| 041 0 ^atha^beng
|
| 090 ^aวพ WC503 ศ159ก 2556
|
| 100 0 ^aศรัญญู ทิพประมวล
|
| 245 10 ^aรายงานวิทยานิพนธ์เรื่อง การบริหารโครงการดูแลรักษาผู้ติดเชื้อเอชไอวีและผู้ป่วยเอดส์ของเจ้าหน้าที่ในโรงพยาบาลชุมชน เขตสาธารณสุขที่ 12 /^cศรัญญู ทิพประมวล
|
| 246 15 ^aThe administrations of HIV/AIDs among the staffs incommunity hospitals of the public health region 12
|
| 260 ^aขอนแก่น : ^bมหาวิทยาลัยขอนแก่น,^c2556.
|
| 300 ^a[ก]-ซ,221 หน้า
|
| 502 ^aวิทยานิพนธ์ (ส.ม.)--สาขาวิชาการบริหารสาธาณสุขบัณฑิตวิทยาลัย มหาวิทยาลัยขอนแก่น, 2556
|
| 650 4 ^aผู้ติดเชื้อเอชไอวี^xการดูแลรักษาในโรงพยาบาล
|
| 650 4 ^aโรคเอดส์^xผู้ป่วย^xการดูแลรักษาในโรงพยาบาล
|
| 650 4 ^aโรงพยาบาลชุมชน^xการบริหาร
|
| 650 4 ^aวิทยานิพนธ์
|
| 999 ^aใช้งานได้ทุกระบบ
|